|
|
|
|
| LEADER |
01375nam a2200361Ia 4500 |
| 001 |
EBC240482 |
| 003 |
MiAaPQ |
| 005 |
20200520144314.0 |
| 006 |
m o d | |
| 007 |
cr cn||||||||| |
| 008 |
020523s2003 enkab sb 001 0 eng d |
| 010 |
|
|
|z 02067990
|
| 020 |
|
|
|z 0203989023
|
| 020 |
|
|
|z 0700715711
|
| 035 |
|
|
|a (MiAaPQ)EBC240482
|
| 035 |
|
|
|a (Au-PeEL)EBL240482
|
| 035 |
|
|
|a (CaPaEBR)ebr10094493
|
| 035 |
|
|
|a (CaONFJC)MIL14175
|
| 035 |
|
|
|a (OCoLC)252973189
|
| 040 |
|
|
|a MiAaPQ
|c MiAaPQ
|d MiAaPQ
|
| 050 |
|
4 |
|a HC428.S47
|b G36 2003
|
| 082 |
0 |
4 |
|a 330.951/132
|2 21
|
| 100 |
1 |
|
|a Gamble, Jos,
|d 1959-
|
| 245 |
1 |
0 |
|a Shanghai in transition
|h [electronic resource] :
|b changing perspectives and social contours of a Chinese metropolis /
|c Jos Gamble.
|
| 260 |
|
|
|a London ;
|a New York :
|b RoutledgeCurzon,
|c 2003.
|
| 300 |
|
|
|a xxvi, 259 p. :
|b ill., maps.
|
| 504 |
|
|
|a Includes bibliographical references (p. [227]-245) and index.
|
| 533 |
|
|
|a Electronic reproduction. Ann Arbor, MI : ProQuest, 2015. Available via World Wide Web. Access may be limited to ProQuest affiliated libraries.
|
| 651 |
|
0 |
|a Shanghai (China)
|x Economic conditions.
|
| 651 |
|
0 |
|a Shanghai (China)
|x Social conditions.
|
| 655 |
|
4 |
|a Electronic books.
|
| 710 |
2 |
|
|a ProQuest (Firm)
|
| 856 |
4 |
0 |
|u https://ebookcentral.proquest.com/lib/matrademy/detail.action?docID=240482
|z Click to View
|